000 00535nam a2200205Ia 4500
999 _c670
_d670
003 0100
008 130227s9999 xx 000 0 und d
040 _cARRUPELIB
050 _aDT757.G73
100 _aGreen, Lawrence George
_939422
245 _aSouth African beachcomber:
_bmemories of the people of the shore and the stories they told /
260 _aCape Town
_bHoward B. Timmins
_c1958
300 _a244p
300 _b 21cm
650 _aCoasts
_zSouth Africa
_939423
650 _aIslands of the Atlantic
_939424
942 _2lcc
_cMONOGRAPH